000
00346nam a22001217a 4500
040
_c
SY
082
_a
635
100
_a
TOUCH HENGVANN; ទូច ហេងវណ្ណ
245
_a
Postharvest techno, បច្ចេកវិទ្យាក្រោយពេលប្រមូលផល
260
_a
RUA
_b
TOU
_c
NA
300
_a
71p.
942
_c
KB
999
_c
9900
_d
9900